000 01093nam0a2200313 4500
001 RU\NLR\b_ik\200184
005 20260408193051.0
010 _a978-5-905046-19-3
_91000
021 _aRU
_b2013-9228
_9673
035 _a(NLR Aleph) 009996029
090 _a9762249
_c9762249
100 _a20130311d2013 |||y0rusy50 ca
101 0 _aeng
102 _aRU
105 _ay |||||||||
200 1 _aRussia XXI: the logic of suicide and rebirth
_fby Lilia Shevtsova
_gCarnegie Moscow center, [Carnegie endowment for intern. peace]
210 _aMoscow
_cCarnegie Moscow center
_d2013
215 _a82, [1] с.
_d24
541 0 _aРоссия 21 века
_eЛогика самоубийства и перерождения
_zrus
607 _aРоссийская Федерация
_xСоциальное развитие
_3RU\NLR\AUTH\661319376
_92195168
686 _aС508.0
686 _aС51(2)7
700 1 _aŠevcova
_bL. F.
_gLilija Fedorovna
_4070
801 0 _aRU
_bNLR
_c20130311
_gRCR
801 1 _aRU
_bNLR
_c20130311
942 _cBOOK
980 _aNB